Top 30 most paid Romanian singers in 2020 - Statistics

General Stats
  • This quiz has been taken 100 times
  • The average score is 6 of 30
Answer Stats
Net worth (in thousands of dollars) Singer % Correct
132.5 Inna
69%
52.2 Andra
68%
57.9 Delia
64%
113.9 Florin Salam
43%
31.9 Alexandra Stan
42%
69.5 Tzanca Uraganu
38%
40.8 Irina Rimes
27%
145.6 Dani Mocanu
25%
137.1 Jador
22%
34.7 Alina Eremia
19%
27.3 Bogdan de la Ploiesti
17%
35.5 Lidia Buble
17%
47 Mira
17%
49.8 Nicolae Guta
17%
33.6 Dorian Popa
16%
52.7 Nane
12%
37.8 Killa Fonic
11%
53.6 Costi
10%
68.5 Otilia
9%
55.4 Lino Golden
7%
49.8 Culita Sterp
5%
30.1 Jo
5%
32.1 Doddy
1%
32.2 Ioana Ignat
1%
72.3 Nikolas Sax
1%
86.6 Carmen de la Salciua
0%
34.6 F. Charm
0%
37 Havana
0%
28.9 Jay Maly
0%
35.2 Shift
0%
No matching quizzes found
Score Distribution
Percent of People with Each Score
Percentile by Number Answered
Your Score History
You have not taken this quiz